000 00411nam a2200145Ia 4500
008 151021s9999 xx 000 0 und d
020 _a534467733
050 _aQD 25.3 .B76 2005
245 _a_Organic chemistry (4th ed.) William H. Brown
300 _axli,1168p,;ill
500 _aIncludes index
650 _a_Organic Chemistry
700 _a_Christopher S. Foote
980 _a^d20110707 10:38:19^oanne
999 _c7528
_d7528